| 000 | 00685cab a2200205 4500 | ||
|---|---|---|---|
| 001 | WB2306-18 | ||
| 008 | 090401t1987 xxu||||| |||| 00| 0 eng d | ||
| 035 | _a(Sirsi) u7512 | ||
| 041 | _aeng | ||
| 245 | _aCouncils to encourage rented sector | ||
| 260 | _c1987 | ||
| 350 | _a0 | ||
| 490 |
_aDaily Telegraph _v6/2/87 p8 |
||
| 520 | _aThe Housing Minister has announced statutory powers which will enable local authorities to give financial assistance to the private sector, including housing associations , for the provision of rented housing . | ||
| 650 | _aHOUSING | ||
| 650 | _aPRIVATE RENTED SECTOR | ||
| 690 |
_aBlock management _96220 |
||
| 942 | _n0 | ||
| 948 | _c04/03/1997 | ||
| 999 |
_c4548 _d4548 |
||